Modrý Kamen

Zobrazenie: Pohľad ponad strechy budov a na upetí sa vypína ruina hradu Modrý Kameň

Bibliographic Details
Other Authors: Mareš, Ľudovít (fotograf) (Photographer)
Format: Postcard
Language:Slovak
PhysicalDescription:1 pohľadnica tónovaná do hneda 9 x 14 cm
Published: Krupina Nakl. Fotograf L. Mareš [1928?]
Subjects:

MARC

LEADER 00000nkm a2200000 a 4500
001 vtls011915376
003 SK-MaSNL
005 20260512124847.0
007 kp ao
008 240703q1928 xo g kuslo
015 |a SNBG1928 
035 |a urn:nbn:sk:snk-km00eg4j 
035 |a urn:nbn:sk:snk-km43cw4 
035 |a BE16F939-7444-4E3A-B9CC-706896AFC84A 
040 |a SNK  |b slo  |c SNK  |e AACR2 
041 0 |a slo 
043 |a e-xo--- 
044 |a xo  |c SK 
072 7 |a 913  |x Regionálna geografia  |2 konspekt 
080 |a 913(437.6)  |2 2011 
080 |a (084.121)  |2 2011 
080 |a 904:72/7.025.21  |2 2011 
080 |a 728.81  |2 2011 
100 1 |a Mareš, Ľudovít  |c (fotograf)  |4 pht  |4 pbl  |9 187831 
245 1 0 |a Modrý Kamen  |h grafika  |c fotograf L. Mareš 
246 3 3 |a Modrý Kameň 
260 |a Krupina  |b Nakl. Fotograf L. Mareš  |c [1928?] 
300 |a 1 pohľadnica  |b tónovaná do hneda  |c 9 x 14 cm 
500 |a Názvové údaje prevzaté z obrazovej časti pohľadnice 
520 8 |a Zobrazenie: Pohľad ponad strechy budov a na upetí sa vypína ruina hradu Modrý Kameň 
610 1 7 |a Modrý Kameň (Slovensko : hrad)  |2 SNKKA  |9 165085 
650 0 7 |a hrady  |2 SNKPH  |9 3039 
650 0 7 |a zrúcaniny historických objektov  |2 SNKPH  |9 105150 
651 7 |a Modrý Kameň (Slovensko)  |2 SNKPHgeo  |9 28297 
655 7 |a miestne pohľadnice  |2 SNKPH  |9 70510 
852 |a Slovenská národná knižnica 
958 |a EUIPO 
958 |a GBN 
958 |a GC 
958 |a OND 
999 |c 950428  |d 952358 
952 |a SNK  |b SNK  |y PREZ  |7 0  |p 17A1378934  |o snkSP 97562  |z Pohľadnica prešla poštou.  |0 0  |1 0  |4 0  |d 2020-02-05  |f 1  |l 0  |r 2026-02-24 09:46:40  |w 2026-02-24